Preži túto noc /
Je november 1991. V magnetofóne hrá kazeta s Nirvanou, v Bielom dome sedí George Bush starší a vysokoškoláčka Charlie Jordanová, vášnivá milovníčka filmov, sa vezie v aute s človekom, ktorý je možno sériový vrah. Josh Baxter, muž za volantom, je...
Uloženo v:
| Hlavní autor: | |
|---|---|
| Médium: | E-kniha |
| Jazyk: | Czech |
| Vydáno: |
Praha :
Albatros Media Slovakia s.r.o.,
2022
|
| Tagy: |
Žádné tagy |
| LEADER | 02195nam a22002297i 4500 | ||
|---|---|---|---|
| 001 | 299222 | ||
| 007 | ta | ||
| 008 | 260426s2022 xr ||||| |||| 00| 0 cze d | ||
| 020 | |a 9788056629086 | ||
| 044 | |a xr | ||
| 100 | 1 | |a Sager, Riley |4 aut | |
| 245 | 1 | 0 | |a Preži túto noc / |c Sager, Riley |
| 240 | 1 | 0 | |a Survive the Night |
| 264 | 1 | |a Praha : |b Albatros Media Slovakia s.r.o., |c 2022 | |
| 300 | |a 1 online zdroj (336 stran) | ||
| 336 | |a text |b txt |2 rdacontent | ||
| 337 | |a bez média |b n |2 rdamedia | ||
| 338 | |a online zdroj |b cr |2 rdacarrier | ||
| 520 | 2 | |a Je november 1991. V magnetofóne hrá kazeta s Nirvanou, v Bielom dome sedí George Bush starší a vysokoškoláčka Charlie Jordanová, vášnivá milovníčka filmov, sa vezie v aute s človekom, ktorý je možno sériový vrah. Josh Baxter, muž za volantom, je pre Charlie úplne cudzí. Zoznámili sa len preto, aby sa mohli podeliť o výdavky na dlhú cestu autom do Ohia. Obaja majú svoje dôvody, prečo potrebujú odísť z internátu. Charlie poháňa pocit viny a smútok zo šokujúcej vraždy jej najlepšej priateľky, ktorá sa stala treťou obeťou takzvaného Univerzitného vraha. Josh sa ponáhľa za svojím chorým otcom – alebo to aspoň tvrdí. Čím dlhšie Charlie sedí na sedadle spolujazdca, tým viac si všíma, že na Joshovi je niečo podozrivé a začína mať pocit, že sa ocitla v aute s Univerzitným vrahom. Je Josh naozaj nebezpečný? Alebo sú Charline obavy len výsledkom jej živej predstavivosti, keďže videla priveľa desivých filmov? Jedno je isté – Charlie nemá kam ujsť a nemá sa ako dovolať pomoci. Uviazla v hre na mačku a myš a vie, že vyhrá len vtedy, ak prežije túto noc. | |
| 910 | |a RBIT002 | ||
| 998 | |d 357276 |a https://core.palmknihy.cz/api/books/357276/cover?si76ds |b https://core.palmknihy.cz/api/books/357276/cover/400?si76ds |c https://core.palmknihy.cz/api/books/357276/cover/50?si76ds |e 2026-07-19 |g 336 |i 9788056629086 |j https://core.palmknihy.cz/api/books/357276/preview.epub |k https://core.palmknihy.cz/api/books/357276/preview.pdf |l |q 49 |r 1 |s https://www.palmknihy.cz/kniha/357276 |t ebook |y 2022 |z 1 | ||
| 999 | |d 299220 | ||